000 00681nam a2200205Ia 4500
003 GCL
008 140319s9999 xx 000 0 ara d
040 _aGCL /
_cGCL
082 0 4 _aق
_b920.71
_bش خ
100 1 _aشكرى القاضى
245 1 0 _aخمسون شخصية مصرية وشخصية(31) /
_cشكرى القاضى
260 _a[S.N] :
_bالهيئة المصرية العامة للكتاب ،
_c1989
490 _aتاريخ المصريين
_v0
650 0 4 _aمصر
650 0 4 _aنساء النبى
650 0 4 _aالادباء
650 0 4 _aرجال العلوم السياسية
650 0 4 _aرجال العلوم الاجتماعية
942 _2ddc
_cBK
999 _c52362
_d52362